Año panegyrico, ó sermones escogidos panegíricos, para los principales misterios de Jesu-Christo nuestro Redentor, y festividades de su Santísima Madre, y Santos que celebra la Iglesia (Record no. 8664)
[ view plain ]
| 000 -CABECERA | |
|---|---|
| campo de control de longitud fija | 01186nam a2200253 a 4500 |
| 001 - NÚMERO DE CONTROL | |
| campo de control | BRCA_9013 |
| 005 - FECHA Y HORA DE LA ÚLTIMA TRANSACCIÓN | |
| campo de control | 20190320210507.0 |
| 008 - DATOS DE LONGITUD FIJA--INFORMACIÓN GENERAL | |
| campo de control de longitud fija | 200717s1778----sp-a######---#000-0#spa-# |
| 041 ## - CÓDIGO DE LENGUA | |
| Código de lengua del texto/banda sonora o título independiente | spa |
| 044 ## - CÓDIGO DEL PAÍS DE LA ENTIDAD EDITORA/PRODUCTORA | |
| Código MARC del país | sp |
| 084 ## - OTRO NÚMERO DE CLASIFICACIÓN | |
| Número de clasificación | LE17 |
| Número de documento/Ítem | .D53 1778 |
| 100 1# - ENTRADA PRINCIPAL--NOMBRE DE PERSONA | |
| Nombre de persona | Díaz de Guereñu , Pedro |
| 9 (RLIN) | 22357 |
| 245 10 - MENCIÓN DE TÍTULO | |
| Título | Año panegyrico, ó sermones escogidos panegíricos, para los principales misterios de Jesu-Christo nuestro Redentor, y festividades de su Santísima Madre, y Santos que celebra la Iglesia |
| Resto del título | repartidos por los meses del año: sacados de los más clásicos autores |
| Mención de responsabilidad, etc. | por el Padre Don Pedro Días de Guereñu; tomo quinto; contiene los meses de septiembre, y octubre. |
| 260 ## - PUBLICACIÓN, DISTRIBUCIÓN, ETC. | |
| Lugar de publicación, distribución, etc. | Madrid |
| Nombre del editor, distribuidor, etc. | Por Pedro Marin |
| Fecha de publicación, distribución, etc. | 1778 |
| 300 ## - DESCRIPCIÓN FÍSICA | |
| Extensión | [2], 364 p. (t.5) |
| Dimensiones | 21.2 x 15.5 cm |
| 500 ## - NOTA GENERAL | |
| Nota general | Con licencia |
| 500 ## - NOTA GENERAL | |
| Nota general | Estado físico: presenta encuadernación en pergamino |
| 500 ## - NOTA GENERAL | |
| Nota general | En portada: Se hallara en la Librería de Juan de Llera, Plazuela del Ángel, juntó a la Nevería |
| 505 0# - NOTA DE CONTENIDO CON FORMATO | |
| Nota de contenido con formato | Contiene los meses de septiembre, y octubre. |
| 650 14 - PUNTO DE ACCESO ADICIONAL DE MATERIA--TÉRMINO DE MATERIA | |
| Término de materia o nombre geográfico como elemento de entrada | Sermones españoles |
| Subdivisión cronológica | Obras anteriores a 1800 |
| 9 (RLIN) | 21577 |
| 700 1# - PUNTO DE ACCESO ADICIONAL--NOMBRE DE PERSONA | |
| Nombre de persona | Llera, Juan de |
| Término indicativo de función/relación | librero |
| 9 (RLIN) | 22358 |
| 902 ## - CATALOGADOR | |
| Iniciales | CFM |
| 942 ## - ELEMENTOS DE PUNTO DE ACCESO ADICIONAL (KOHA) | |
| Fuente del sistema de clasificación o colocación | Library of Congress Classification |
| Tipo de ítem Koha | Libros |
| Estado de retiro | Estado de pérdida | Estado dañado | No para préstamo | Localización permanente | Ubicación/localización actual | Fecha de adquisición | Total de préstamos | Signatura topográfica completa | Código de barras | Fecha visto por última vez | Precio válido a partir de | Tipo de ítem Koha |
|---|---|---|---|---|---|---|---|---|---|---|---|---|
| El ejemplar forma parte de la colección y puede ser consultado según las políticas vigentes. | Biblioteca del Museo Franz Mayer (Rogerio Casas-Alatriste) | Biblioteca del Museo Franz Mayer (Rogerio Casas-Alatriste) | 20/07/2017 | LE17 .D53 1778 | CFM00395 | 22/03/2019 | 22/03/2019 | Libros |